Business Dictionary / (Record no. 36697)

MARC details
000 -LEADER
fixed length control field 00404nam a22001697a 4500
005 - DATE AND TIME OF LATEST TRANSACTION
control field 20241021115327.0
008 - FIXED-LENGTH DATA ELEMENTS--GENERAL INFORMATION
fixed length control field 241021b |||||||| |||| 00| 0 eng d
020 ## - INTERNATIONAL STANDARD BOOK NUMBER
ISBN 818546121X
082 ## - DEWEY DECIMAL CLASSIFICATION NUMBER
Classification number 658.803
Item number COL-B
100 ## - MAIN ENTRY--AUTHOR
Author Name Collin P.H
245 ## - TITLE STATEMENT
Title Business Dictionary /
Statement of responsibility, etc. Collin P.H
260 ## - PUBLICATION, DISTRIBUTION, ETC.
Place of Publication India
Name of publisher, distributor, etc. Pearl
Date of publication, distribution, etc. 1992
300 ## - PHYSICAL DESCRIPTION
Pages 334p.
650 ## - SUBJECT ADDED ENTRY--TOPICAL TERM
Subject / Department Business
300 ## - PHYSICAL DESCRIPTION
-- ill;
-- 23cm.
952 ## - LOCATION AND ITEM INFORMATION (KOHA)
-- 0
-- 0
Holdings
Lost status Damaged status Collection code Permanent Location Current Location Shelving Location Date acquired Full Call Number Accession No./Barcode Date last seen item type Koha item type
    Management Superior Information Resource Center (SIRC) Superior University- Main Campus Superior Information Resource Center (SIRC) Superior University- Main Campus Business 10/21/2024 658.803 COL-B 1992 29559 10/21/2024 BOOK BOOK

Powered by Koha